[Event "2nd Prague Challengers"]
[Site "Prague CZE"]
[Date "2020.02.18"]
[Round "6.3"]
[White "Abasov, N."]
[Black "Esipenko, Andrey"]
[Result "1-0"]
[WhiteElo "2670"]
[BlackElo "2654"]
[PlyCount "77"]
[EventDate "2020.02.12"]
[EventType "tourn"]
[EventRounds "9"]
[EventCountry "CZE"]
[EventCategory "14"]
[SourceTitle "The Week in Chess 1320"]
[Source "Mark Crowther"]
[SourceDate "2020.02.24"]
[SourceVersion "1"]
[SourceVersionDate "2020.02.24"]
[SourceQuality "2"]

1. e4 e5 2. Nf3 Nc6 3. c3 Nf6 4. d4 exd4 5. e5 Nd5 6. Bc4 Nb6 7. Bb3 Be7 8. O-O
d6 9. exd6 Qxd6 10. Nxd4 Nxd4 11. cxd4 c6 12. Nc3 O-O 13. Re1 Bf6 14. Be3 Bf5
15. Qf3 Qd7 16. h3 Rad8 17. Rad1 Nd5 18. Bxd5 cxd5 19. Bf4 Bc2 20. Rd2 Bg6 21.
Be5 Bg5 22. Rde2 Qf5 23. Qg3 f6 24. Bd6 Rfe8 25. Rxe8+ Rxe8 26. Rxe8+ Bxe8 27.
f4 Bh6 28. Qe3 Bc6 29. Qe7 Qc8 30. Kh2 b5 31. b4 a6 32. a3 g6 33. Qxf6 Bg7 34.
Qg5 Bxd4 35. Nxd5 Qd7 36. Qe7 Qe8 37. Be5 Bxe5 38. fxe5 Qf7 39. e6 1-0

[Event "ch-CHI Women 2020"]
[Site "Santiago CHI"]
[Date "2020.02.14"]
[Round "4.4"]
[White "Melin Contreras, Valeria"]
[Black "Reyes Jara, Pau"]
[Result "1-0"]
[WhiteElo "1685"]
[BlackElo "1860"]
[PlyCount "65"]
[EventDate "2020.02.11"]
[EventType "tourn"]
[EventRounds "9"]
[EventCountry "CHI"]
[SourceTitle "The Week in Chess 1321"]
[Source "Mark Crowther"]
[SourceDate "2020.03.02"]
[SourceVersion "1"]
[SourceVersionDate "2020.03.02"]
[SourceQuality "2"]

1. e4 e5 2. Nf3 Nc6 3. c3 Nf6 4. d4 exd4 5. e5 Nd5 6. cxd4 Bb4+ 7. Bd2 Bxd2+ 8.
Qxd2 Qe7 9. Bc4 Nb6 10. Bb3 O-O 11. O-O d6 12. Re1 Bg4 13. Ng5 Nxd4 14. Bxf7+
Kh8 15. Re4 Ne6 16. Bxe6 Bxe6 17. exd6 Qd7 18. Rxe6 Rf5 19. Re7 Qb5 20. Nf7+
Kg8 21. Nc3 Qc5 22. Ne4 Qb5 23. a4 Qd5 24. Nh6+ gxh6 25. Qxh6 Qf7 26. Rxf7 Rxf7
27. Ng5 Rg7 28. Re1 cxd6 29. Qe6+ Kh8 30. Nf7+ Kg8 31. Nxd6+ Kh8 32. Nf5 Rd7
33. Qe8+ 1-0

[Event "57th ch-CUB 2020"]
[Site "Villa Clara CUB"]
[Date "2020.02.12"]
[Round "11.2"]
[White "Fernandez De La Vara, Arnaldo"]
[Black "Elias Reyes, Jorge Roberto"]
[Result "0-1"]
[WhiteElo "2486"]
[BlackElo "2412"]
[PlyCount "66"]
[EventDate "2020.02.02"]
[EventType "tourn"]
[EventRounds "11"]
[EventCountry "CUB"]
[EventCategory "11"]
[SourceTitle "The Week in Chess 1320"]
[Source "Mark Crowther"]
[SourceDate "2020.02.24"]
[SourceVersion "1"]
[SourceVersionDate "2020.02.24"]
[SourceQuality "2"]

1. e4 e5 2. Nf3 Nc6 3. c3 d5 4. Qa4 f6 5. d3 Be6 6. Nbd2 Qd7 7. a3 Nge7 8. b4
a6 9. Qc2 g5 10. exd5 Nxd5 11. g3 O-O-O 12. Nb3 Nxc3 13. Qxc3 Qd5 14. Nbd2 g4
15. Ne4 gxf3 16. Nxf6 Qd4 17. Bb2 Nxb4 18. Qxd4 Nc2+ 19. Kd2 Nxd4 20. Bxd4 Rxd4
21. h4 Be7 22. Ne4 Rhd8 23. Kc2 Bf5 24. Bh3 Bxh3 25. Rxh3 Rxd3 26. g4 Bxa3 27.
g5 Bb4 28. h5 R3d4 29. Nf6 e4 30. Rhh1 Rd2+ 31. Kc1 Rxf2 32. Ra4 Bd2+ 33. Kb1
e3 0-1

[Event "TCh-CAT Gp2 2020"]
[Site "Barcelona ESP"]
[Date "2020.02.08"]
[Round "4.9"]
[White "Castellano Egea, E."]
[Black "Porta Tovar, Guillem"]
[Result "1-0"]
[WhiteElo "2162"]
[BlackElo "2098"]
[PlyCount "98"]
[EventDate "2020.01.18"]
[EventType "team"]
[EventRounds "7"]
[EventCountry "ESP"]
[SourceTitle "The Week in Chess 1319"]
[Source "Mark Crowther"]
[SourceDate "2020.02.17"]
[SourceVersion "1"]
[SourceVersionDate "2020.02.17"]
[SourceQuality "2"]

1. e4 e5 2. Nf3 Nc6 3. c3 d5 4. Qa4 f6 5. Bb5 Nge7 6. exd5 Qxd5 7. d4 exd4 8.
cxd4 Bg4 9. Nc3 Qe6+ 10. Be3 Bxf3 11. gxf3 Nd5 12. Nxd5 Qxd5 13. Rc1 O-O-O 14.
Bxc6 bxc6 15. Rxc6 Qxf3 16. Rg1 a5 17. a3 Qe4 18. Ke2 Rxd4 19. Rxc7+ Kxc7 20.
Rc1+ Kd6 21. Qxd4+ Qxd4 22. Bxd4 Kd5 23. Bc3 Bd6 24. Rd1+ Kc6 25. h4 Ra8 26. h5
h6 27. Kf3 a4 28. Rg1 Ra7 29. Ke4 Bc5 30. Rg2 Kb5 31. Kd5 Re7 32. f4 Rd7+ 33.
Ke6 Re7+ 34. Kd5 Rd7+ 35. Ke6 Re7+ 36. Kf5 Kc4 37. Rg3 Bd6 38. Rf3 Bc5 39. Kg6
Kd5 40. f5 Ke4 41. Rf1 Kd3 42. Rf3+ Ke4 43. Rf1 Rd7 44. Rh1 Ra7 45. Rh4+ Kd3
46. Rh3+ Ke4 47. Rh4+ Kd3 48. Bb4 Bd4 49. Bf8 Bxb2 1-0

[Event "16th Moscow Open A 2020"]
[Site "Moscow RUS"]
[Date "2020.02.02"]
[Round "9.14"]
[White "Sattarov, B."]
[Black "Bykov, Egor"]
[Result "0-1"]
[WhiteElo "2462"]
[BlackElo "2384"]
[PlyCount "74"]
[EventDate "2020.01.25"]
[EventType "swiss"]
[EventRounds "9"]
[EventCountry "RUS"]
[SourceTitle "The Week in Chess 1318"]
[Source "Mark Crowther"]
[SourceDate "2020.02.10"]
[SourceVersion "1"]
[SourceVersionDate "2020.02.10"]
[SourceQuality "2"]

1. e4 e5 2. Nf3 Nc6 3. c3 d5 4. Qa4 f6 5. d3 Nge7 6. Be2 Be6 7. Nbd2 Ng6 8. g3
Be7 9. b4 O-O 10. O-O f5 11. exd5 Bxd5 12. b5 Nb8 13. c4 Be6 14. Bb2 Nd7 15.
Qc2 c6 16. a4 Qc7 17. Rfe1 Rad8 18. Bf1 f4 19. Nd4 Bg4 20. N4b3 fxg3 21. hxg3
Nf6 22. Bg2 Bf5 23. Ne4 Ng4 24. Re2 h5 25. Rd1 h4 26. Qc3 hxg3 27. fxg3 cxb5
28. axb5 Qb6+ 29. d4 exd4 30. Nxd4 N6e5 31. Bc1 Bxe4 32. Bxe4 Bc5 33. Bb2 Qf6
34. Qe1 Nxc4 35. Ba1 Rxd4 36. Bxd4 Bxd4+ 37. Kg2 Nce3+ 0-1

[Event "We JyS A 2020 Jyvaskyla"]
[Site "?"]
[Date "2020.02.02"]
[Round "5"]
[White "Kauppala Pekka"]
[Black "Seppala Aki"]
[Result "1-0"]
[WhiteElo "2059"]
[BlackElo "2053"]
[PlyCount "93"]
[EventDate "2020.??.??"]

1. e4 e5 2. Nf3 Nc6 3. c3 d5 4. Qa4 Qd6 5. d4 Bd7 6. Bb5 Nf6 7. exd5 Qxd5 8.
dxe5 Nxe5 9. Bxd7+ Nfxd7 10. Nxe5 Qxe5+ 11. Be3 Bc5 12. O-O Bxe3 13. Re1 O-O-O
14. Rxe3 Nb6 15. Qg4+ f5 16. Qe2 Qd5 17. Na3 Qd2 18. Re1 Qxe2 19. R3xe2 a6 20.
h4 Rd7 21. Kh2 Rhd8 22. Kg3 Rd2 23. Nc2 c5 24. Ne3 g6 25. Kf4 Nd5+ 26. Nxd5
R8xd5 27. Kg5 Rd7 28. Kh6 Kc7 29. g3 Kc6 30. Rxd2 Rxd2 31. Kxh7 Rxf2 32. Kxg6
Rg2 33. Kxf5 Rxg3 34. Rh1 Rg2 35. h5 Rxb2 36. h6 Rxa2 37. h7 Rf2+ 38. Ke4 Rf8
39. h8=Q Rxh8 40. Rxh8 Kb5 41. Kd5 a5 42. Rb8 Kb6 43. Kc4 Ka7 44. Rc8 a4 45.
Rxc5 b6 46. Rc7+ Ka6 47. Kb4 1-0

[Event "We JyS A 2020 Jyvaskyla"]
[Site "?"]
[Date "2020.02.02"]
[Round "4"]
[White "Karvinen Kimmo"]
[Black "Niemi Olavi"]
[Result "1-0"]
[WhiteElo "2110"]
[BlackElo "1998"]
[PlyCount "47"]
[EventDate "2020.??.??"]

1. e4 e5 2. Nf3 Nc6 3. c3 d6 4. d4 exd4 5. cxd4 Bg4 6. Bb5 a6 7. Bxc6+ bxc6 8.
h3 Bh5 9. O-O Nf6 10. Re1 Be7 11. Nbd2 O-O 12. Nf1 d5 13. exd5 Bb4 14. Bd2 Bxd2
15. N1xd2 cxd5 16. Qa4 Qd6 17. Ne5 Rab8 18. Nb3 Rb6 19. Rac1 Re8 20. g4 Bg6 21.
g5 Rb4 22. Qc6 Rb6 23. Qxd6 cxd6 24. Nxg6 1-0

[Event "16th Moscow Open Women"]
[Site "Moscow RUS"]
[Date "2020.01.30"]
[Round "6.25"]
[White "Khan, Anastasia"]
[Black "Sosnina, Ekaterina"]
[Result "1-0"]
[WhiteElo "2010"]
[BlackElo "1750"]
[PlyCount "59"]
[EventDate "2020.01.25"]
[EventType "swiss"]
[EventRounds "9"]
[EventCountry "RUS"]
[SourceTitle "The Week in Chess 1318"]
[Source "Mark Crowther"]
[SourceDate "2020.02.10"]
[SourceVersion "1"]
[SourceVersionDate "2020.02.10"]
[SourceQuality "2"]

1. e4 e5 2. Nf3 Nc6 3. c3 Nf6 4. d4 d5 5. Bb5 Nxe4 6. Nxe5 Bd7 7. Bxc6 Bxc6 8.
O-O Be7 9. Qg4 O-O 10. f3 Nf6 11. Qh3 Bb5 12. Re1 Nd7 13. Bf4 Nxe5 14. Bxe5 Bh4
15. Bxc7 Qg5 16. f4 Rae8 17. Na3 Qh5 18. Nxb5 Re2 19. Rxe2 Qxe2 20. Qxh4 Qxb2
21. Re1 Qxb5 22. Bd6 Rc8 23. Qg4 Qc6 24. Be5 g6 25. Rc1 Qe8 26. Qh4 Rc6 27. Re1
Re6 28. Rb1 Qc8 29. f5 gxf5 30. Bf6 1-0

[Event "25th HIT Open 2020"]
[Site "Nova Gorica SLO"]
[Date "2020.01.28"]
[Round "7.12"]
[White "Baidetskyi, Valentin"]
[Black "Slettum, Karl Anker"]
[Result "1-0"]
[WhiteElo "2411"]
[BlackElo "1743"]
[PlyCount "46"]
[EventDate "2020.01.24"]
[EventType "swiss"]
[EventRounds "9"]
[EventCountry "SLO"]
[SourceTitle "The Week in Chess 1317"]
[Source "Mark Crowther"]
[SourceDate "2020.02.03"]
[SourceVersion "1"]
[SourceVersionDate "2020.02.03"]
[SourceQuality "2"]

1. e4 e5 2. Nf3 Nc6 3. c3 Nf6 4. d3 d5 5. Nbd2 Be6 6. Be2 Qd7 7. Ng5 Be7 8.
Nxe6 fxe6 9. O-O O-O-O 10. b4 Rdg8 11. b5 Nd8 12. Qa4 Kb8 13. Rb1 g5 14. Nb3 b6
15. exd5 Nxd5 16. Bd2 h5 17. c4 Nf4 18. Bxf4 exf4 19. c5 e5 20. Bf3 g4 21. Be4
f3 22. Rfc1 h4 23. Rc4 fxg2 1-0

[Event "SVK-chT1W 1920"]
[Site "Slovakia"]
[Date "2020.01.25"]
[Round "7.8"]
[White "Banszegi, Attila"]
[Black "Lelkes, Gejza"]
[Result "1-0"]
[WhiteElo "2037"]
[BlackElo "1476"]
[PlyCount "59"]
[EventDate "2019.10.12"]
[EventType "team-tourn"]
[EventRounds "11"]
[EventCountry "SVK"]
[SourceTitle "OM OTB B 201907"]
[Source "Opening Master"]
[SourceDate "2019.07.06"]
[SourceVersion "2"]
[SourceVersionDate "2019.07.06"]
[SourceQuality "1"]
[WhiteTeam "Batorove Kosihy"]
[BlackTeam "Orechova Poton"]
[WhiteTeamCountry "SVK"]
[BlackTeamCountry "SVK"]

1. e4 e5 2. Nf3 Nc6 3. c3 Bc5 4. d4 exd4 5. cxd4 Bb4+ 6. Nc3 Bxc3+ 7. bxc3 d6
8. Be2 h6 9. O-O Nge7 10. Be3 a6 11. d5 Ne5 12. Nd4 O-O 13. f4 Nd7 14. f5 Nf6
15. Bd3 c6 16. c4 c5 17. Nc2 Kh8 18. Qd2 Neg8 19. Rf3 Ng4 20. Bf4 Ne5 21. Rh3
Qf6 22. Rf1 g5 23. Bxg5 Qg7 24. Bxh6 Nxh6 25. Rxh6+ Kg8 26. f6 Qg4 27. h3 Qd7
28. Rh8+ Kxh8 29. Qh6+ Kg8 30. Qg7# 1-0

[Event "TCh-CAT Gp2 2020"]
[Site "Barcelona ESP"]
[Date "2020.01.25"]
[Round "2.9"]
[White "Castellano Egea, E."]
[Black "Jimenez Ruano, Adrian"]
[Result "1-0"]
[WhiteElo "2162"]
[BlackElo "2240"]
[PlyCount "105"]
[EventDate "2020.01.18"]
[EventType "team"]
[EventRounds "7"]
[EventCountry "ESP"]
[SourceTitle "The Week in Chess 1317"]
[Source "Mark Crowther"]
[SourceDate "2020.02.03"]
[SourceVersion "1"]
[SourceVersionDate "2020.02.03"]
[SourceQuality "2"]

1. e4 e5 2. Nf3 Nc6 3. c3 Nf6 4. d4 Nxe4 5. d5 Bc5 6. dxc6 Bxf2+ 7. Ke2 Bb6 8.
Qd5 Nf2 9. Rg1 O-O 10. cxb7 Bxb7 11. Qxb7 Qf6 12. Qd5 c6 13. Qd2 e4 14. Nd4 e3
15. Qc2 Rae8 16. g4 Nh3 17. Bxh3 Qf2+ 18. Kd3 Qxg1 19. Nf3 e2 20. Nxg1 e1=Q 21.
Ne2 Qh1 22. Nd4 Qe4+ 23. Kc4 Qd5+ 24. Kd3 c5 25. Qg2 Qd6 26. Qg3 Qe7 27. Qe3
Qd8 28. Qf3 cxd4 29. cxd4 Qc8 30. Be3 Qa6+ 31. Kc2 Qa4+ 32. Kd3 Qb4 33. Nc3
Qxb2 34. Rb1 Qa3 35. Bf1 Re6 36. Rb3 Qa5 37. Qf5 Qa6+ 38. Kd2 Qc8 39. Bd3 g6
40. Qg5 Rfe8 41. Bf2 Qc7 42. Bg3 Qc8 43. Qd5 Bc7 44. g5 Bxg3 45. hxg3 Re1 46.
Bc4 R1e6 47. Ne4 Qd8 48. Nf6+ Kg7 49. Nxe8+ Qxe8 50. Rb7 Qe7 51. Rxd7 Qb4+ 52.
Kc2 Qa4+ 53. Bb3 1-0

[Event "6th Floripa Open 2020"]
[Site "Florianopolis BRA"]
[Date "2020.01.22"]
[Round "4.99"]
[White "De Oliveira, Guilherme Alfredo B"]
[Black "Goncalves, Luiz Osvaldo Cifuen"]
[Result "1-0"]
[WhiteElo "1991"]
[BlackElo "1801"]
[PlyCount "34"]
[EventDate "2020.01.20"]
[EventType "swiss"]
[EventRounds "10"]
[EventCountry "BRA"]
[SourceTitle "The Week in Chess 1316"]
[Source "Mark Crowther"]
[SourceDate "2020.01.27"]
[SourceVersion "1"]
[SourceVersionDate "2020.01.27"]
[SourceQuality "2"]

1. e4 e5 2. Nf3 Nc6 3. c3 d5 4. Qa4 Qd6 5. d4 Bd7 6. Bb5 f6 7. O-O a6 8. exd5
Qxd5 9. Bc4 Qd6 10. Qc2 O-O-O 11. Be3 Nge7 12. b4 Bf5 13. Qe2 b5 14. Bb3 Bg4
15. dxe5 Qd7 16. h3 Bh5 17. a4 Nb8 1-0

[Event "TCh-BEL 2019-20"]
[Site "Belgium BEL"]
[Date "2020.01.19"]
[Round "6.6"]
[White "Kerigan, D."]
[Black "Lenaerts, L."]
[Result "0-1"]
[WhiteElo "2387"]
[BlackElo "2335"]
[PlyCount "108"]
[EventDate "2019.09.29"]
[EventType "team"]
[EventRounds "11"]
[EventCountry "BEL"]
[SourceTitle "OM OTB B 201907"]
[Source "Opening Master"]
[SourceDate "2019.07.06"]
[SourceVersion "2"]
[SourceVersionDate "2019.07.06"]
[SourceQuality "1"]
[WhiteTeam "Wachtebeke"]
[BlackTeam "CRELEL"]

1. e4 e5 2. Nf3 Nc6 3. c3 d5 4. d3 dxe4 5. dxe4 Qxd1+ 6. Kxd1 Bc5 7. Bb5 Bd7 8.
Ke2 Nf6 9. Bd3 h6 10. b4 Bd6 11. Nbd2 Be6 12. Nb3 a5 13. b5 Ne7 14. Be3 Nd7 15.
c4 a4 16. c5 axb3 17. cxd6 b2 18. Rab1 cxd6 19. Rxb2 O-O 20. Rc1 Rfc8 21. Rxc8+
Nxc8 22. Nd2 Rxa2 23. Rxa2 Bxa2 24. Bc4 Bxc4+ 25. Nxc4 f5 26. f3 fxe4 27. fxe4
Kf7 28. Kd3 Ke6 29. Na5 b6 30. Nc4 d5 31. exd5+ Kxd5 32. Bg1 Ke6 33. h3 Na7 34.
Nxb6 Nxb6 35. Bxb6 Nxb5 36. Bc5 Nd6 37. g4 Kd5 38. Bb4 g6 39. Bd2 h5 40. Bc1
hxg4 41. hxg4 Nc4 42. Bg5 e4+ 43. Ke2 Ne5 44. Ke3 Nxg4+ 45. Kf4 Ne5 46. Bh4
Nd3+ 47. Kg5 e3 48. Kxg6 Ke4 49. Bd8 Nf4+ 50. Kf7 e2 51. Ba5 Kd3 52. Kg7 Kc2
53. Be1 Ng2 54. Bg3 Kd3 0-1

[Event "Lozovatsky Mem B 2020"]
[Site "Chelyabinsk RUS"]
[Date "2020.01.17"]
[Round "3.5"]
[White "Sitnikov, A."]
[Black "Tsvetkov, Pavel"]
[Result "1-0"]
[WhiteElo "2406"]
[BlackElo "2190"]
[PlyCount "59"]
[EventDate "2020.01.15"]
[EventType "tourn"]
[EventRounds "9"]
[EventCountry "RUS"]
[EventCategory "3"]
[SourceTitle "The Week in Chess 1316"]
[Source "Mark Crowther"]
[SourceDate "2020.01.27"]
[SourceVersion "1"]
[SourceVersionDate "2020.01.27"]
[SourceQuality "2"]

1. e4 e5 2. Nf3 Nc6 3. c3 d5 4. Qa4 f6 5. d3 Be6 6. Be2 Nge7 7. O-O g5 8. b4
Ng6 9. exd5 Qxd5 10. b5 Nce7 11. Nfd2 Bg7 12. Bf3 Qxd3 13. Bxb7 Rb8 14. b6+ Kf7
15. Be4 Qe2 16. bxa7 Ra8 17. Bxa8 Rxa8 18. Qe4 Nf4 19. Qxa8 c6 20. Qd8 Nxg2 21.
a8=Q Kg6 22. Qxe7 Bd5 23. Qae8+ Kh6 24. Q8d7 Kh5 25. Qxg7 h6 26. Qe8+ Kg4 27.
h3+ Kxh3 28. Qxh6+ Nh4 29. Qd7+ g4 30. Qxh4+ 1-0

[Event "V.E. Raev Memorial 2020"]
[Site "Voronezh RUS"]
[Date "2020.01.04"]
[Round "3.3"]
[White "Sitnikov, A."]
[Black "Smirnov, Timofey"]
[Result "1-0"]
[WhiteElo "2406"]
[BlackElo "2360"]
[PlyCount "93"]
[EventDate "2020.01.03"]
[EventType "tourn"]
[EventRounds "9"]
[EventCountry "RUS"]
[EventCategory "3"]
[SourceTitle "OM OTB B 201907"]
[Source "Opening Master"]
[SourceDate "2019.07.06"]
[SourceVersion "2"]
[SourceVersionDate "2019.07.06"]
[SourceQuality "1"]

1. e4 e5 2. Nf3 Nc6 3. c3 Nf6 4. d3 d5 5. Nbd2 Be7 6. Be2 O-O 7. O-O a5 8. b3
Re8 9. Bb2 Bg4 10. h3 Bh5 11. a3 Bd6 12. Re1 Re7 13. Qc2 Rd7 14. Nf1 Bg6 15.
Ng3 Qf8 16. Nh4 Rad8 17. exd5 Nxd5 18. Bg4 Re7 19. Nxg6 hxg6 20. c4 Nf4 21. c5
Bxc5 22. Qxc5 Nxd3 23. Qc3 Nxe1 24. Rxe1 Nd4 25. Qxa5 Nxb3 26. Qb4 Nd4 27. Bxd4
Rxd4 28. Qxb7 Ra4 29. Qb3 Qa8 30. Bf3 Rxa3 31. Qb4 Qa5 32. Qb8+ Kh7 33. Re4 Ra4
34. Qf8 Rd7 35. Qe8 Rdd4 36. Rxe5 Ra1+ 37. Kh2 Qa4 38. Qxf7 Rf4 39. Nf5 Rh1+
40. Kg3 Rxf3+ 41. gxf3 Rg1+ 42. Kh2 Qf4+ 43. Kxg1 Qxe5 44. Ne7 Qg5+ 45. Kh2 Kh6
46. f4 Qh5 47. Qg8 1-0

[Event "49th Rilton Cup 2019-20"]
[Site "Stockholm SWE"]
[Date "2019.12.30"]
[Round "4.48"]
[White "Christensen, Janu"]
[Black "Bellia, F."]
[Result "0-1"]
[WhiteElo "2095"]
[BlackElo "2438"]
[PlyCount "76"]
[EventDate "2019.12.27"]
[EventType "swiss"]
[EventRounds "9"]
[EventCountry "SWE"]
[SourceTitle "The Week in Chess 1313"]
[Source "Mark Crowther"]
[SourceDate "2020.01.06"]
[SourceVersion "1"]
[SourceVersionDate "2020.01.06"]
[SourceQuality "2"]

1. e4 e5 2. Nf3 Nc6 3. c3 Nf6 4. d4 Nxe4 5. d5 Ne7 6. Nxe5 Ng6 7. Qd4 Nf6 8.
Nxg6 hxg6 9. Be3 Bd6 10. Nd2 Rh5 11. Bc4 b6 12. O-O-O Bb7 13. g4 Be5 14. Qd3
Nxg4 15. f4 Bf6 16. Rhe1 Nxe3 17. Rxe3+ Kf8 18. Rh3 Rxh3 19. Qxh3 Kg8 20. Re1
d6 21. Bb5 Bc8 22. Qf1 Bd7 23. Nf3 Qc8 24. Ba6 Qf8 25. Qc4 Bg4 26. Nd2 Re8 27.
Rg1 Be2 28. Qa4 Bh4 29. f5 g5 30. f6 Bxa6 31. Qxa6 gxf6 32. Qxa7 Qe7 33. Qa4
Be1 34. Qd4 Qe2 35. Nc4 Bf2 36. Qxf6 Be3+ 37. Kb1 Qd3+ 38. Ka1 Bxg1 0-1

[Event "IM Donaldson Championship"]
[Site "San Francisco USA"]
[Date "2019.12.21"]
[Round "3.3"]
[White "Canessa, John"]
[Black "Heidari, Ako"]
[Result "1-0"]
[WhiteElo "1962"]
[BlackElo "1756"]
[PlyCount "71"]
[EventDate "2019.12.21"]
[EventType "swiss"]
[EventRounds "5"]
[EventCountry "USA"]
[SourceTitle "The Week in Chess 1312"]
[Source "Mark Crowther"]
[SourceDate "2019.12.30"]
[SourceVersion "1"]
[SourceVersionDate "2019.12.30"]
[SourceQuality "2"]

1. e4 e5 2. Nf3 Nc6 3. c3 d5 4. Qa4 dxe4 5. Nxe5 Qd5 6. Nxc6 bxc6 7. Bc4 Qd6 8.
d3 exd3 9. O-O Nf6 10. Bf4 Qd7 11. Bxd3 Be7 12. Bf5 Qxf5 13. Qxc6+ Nd7 14. Qxa8
O-O 15. Qf3 Bb7 16. Qxb7 Qxf4 17. Qf3 Qh6 18. Qh3 Qc6 19. Nd2 Rb8 20. Nb3 Nf6
21. Qf3 Qa6 22. Rfe1 Bd6 23. Qe2 Qa4 24. Nd4 g6 25. Qf3 Kg7 26. b3 Qa6 27. c4
Bb4 28. Re2 Bc5 29. Rd1 h5 30. Qc6 Qa5 31. Re5 Qxa2 32. Qxc5 Rd8 33. Ne6+ fxe6
34. Qe7+ Kh6 35. Qxd8 Qxb3 36. Rxe6 1-0

[Event "ch-CHN Blitz Women 2019"]
[Site "Shenyang CHN"]
[Date "2019.12.18"]
[Round "4.3"]
[White "Wang Yu A"]
[Black "Bai, Xue"]
[Result "0-1"]
[WhiteElo "2293"]
[BlackElo "2069"]
[PlyCount "80"]
[EventDate "2019.12.18"]
[EventType "swiss (blitz)"]
[EventRounds "9"]
[EventCountry "CHN"]
[SourceTitle "The Week in Chess 1311"]
[Source "Mark Crowther"]
[SourceDate "2019.12.23"]
[SourceVersion "1"]
[SourceVersionDate "2019.12.23"]
[SourceQuality "2"]

1. e4 e5 2. Nf3 Nc6 3. c3 d6 4. d4 Nf6 5. dxe5 Nxe5 6. Nxe5 dxe5 7. Qxd8+ Kxd8
8. f3 Be6 9. Be3 Bd6 10. Nd2 Ke7 11. Nc4 Rhd8 12. Be2 Nd7 13. Nxd6 cxd6 14. Kf2
a6 15. Rhd1 Rac8 16. Rd2 Nc5 17. c4 Rc6 18. b3 f6 19. Rad1 Bf7 20. g3 a5 21.
Rb2 Na6 22. Bf1 g6 23. Bg2 Be6 24. h4 Rb8 25. Bf1 Nc5 26. Be2 Na6 27. h5 g5 28.
g4 Nc7 29. Bd2 Ra8 30. a4 b6 31. Bc1 Na6 32. Rbd2 Nc5 33. Ba3 Rd8 34. Rb1 Rd7
35. Ke3 Bf7 36. Rdd1 Ne6 37. Rd2 Nd4 38. Rc1 Nxb3 39. Rcd1 Nxd2 40. Rxd2 Bxc4
0-1

[Event "December Evenings B 2019"]
[Site "Chelyabinsk RUS"]
[Date "2019.12.16"]
[Round "3.2"]
[White "Sitnikov, A."]
[Black "Yumakhuzhin, V."]
[Result "1-0"]
[WhiteElo "2408"]
[BlackElo "2157"]
[PlyCount "130"]
[EventDate "2019.12.14"]
[EventType "tourn"]
[EventRounds "9"]
[EventCountry "RUS"]
[EventCategory "3"]
[SourceTitle "The Week in Chess 1311"]
[Source "Mark Crowther"]
[SourceDate "2019.12.23"]
[SourceVersion "1"]
[SourceVersionDate "2019.12.23"]
[SourceQuality "2"]

1. e4 e5 2. Nf3 Nc6 3. c3 Nf6 4. d3 d5 5. Nbd2 a5 6. Be2 Bc5 7. O-O Ba7 8. exd5
Qxd5 9. d4 exd4 10. Bc4 Qd6 11. Re1+ Be6 12. Ng5 Nd8 13. Qf3 h6 14. Nxe6 Nxe6
15. Qxb7 O-O 16. Ne4 Qe5 17. Qb5 Ng4 18. Qxe5 Nxe5 19. Bf1 Rfe8 20. h3 Rab8 21.
Ng3 f6 22. Rd1 Red8 23. Be2 d3 24. Bf1 Rd7 25. b3 Kf7 26. Bd2 g6 27. Re1 h5 28.
Ne4 Bb6 29. Rad1 Ra8 30. Kh2 Re8 31. f4 Nc6 32. Kg3 f5 33. Ng5+ Nxg5 34. fxg5
h4+ 35. Kf4 Red8 36. Be3 Ne7 37. Bxb6 cxb6 38. Kf3 Nc6 39. Re3 d2 40. Bc4+ Kg7
41. Re6 Rd6 42. Rxd6 Rxd6 43. Ke3 Ne5 44. Bf1 Nf7 45. Rxd2 Re6+ 46. Kd4 Rd6+
47. Ke3 Re6+ 48. Kd3 Nxg5 49. Kc4 Ne4 50. Rd7+ Kf6 51. Kd4 Nc5 52. Rh7 Rd6+ 53.
Ke3 Ne4 54. Rxh4 Nxc3 55. a3 Ke5 56. Bc4 Nb1 57. a4 Nc3 58. Rh8 Nd1+ 59. Kf3
Nc3 60. h4 Ne4 61. Re8+ Kd4 62. Kf4 Nf6 63. Re6 Nd5+ 64. Bxd5 Kxd5 65. Rxd6+
Kxd6 1-0

[Event "SVK-chT2C 1920"]
[Site "Slovakia"]
[Date "2019.12.14"]
[Round "5.7"]
[White "Mikulec, Martin"]
[Black "Zelnicky, Marek"]
[Result "1-0"]
[WhiteElo "1861"]
[BlackElo "1784"]
[PlyCount "27"]
[EventDate "2019.10.26"]
[EventType "team-tourn"]
[EventRounds "11"]
[EventCountry "SVK"]
[SourceTitle "OM OTB B 201907"]
[Source "Opening Master"]
[SourceDate "2019.07.06"]
[SourceVersion "2"]
[SourceVersionDate "2019.07.06"]
[SourceQuality "1"]
[WhiteTeam "Banska Bystrica Veza"]
[BlackTeam "Ruzomberok Montana"]
[WhiteTeamCountry "SVK"]
[BlackTeamCountry "SVK"]

1. e4 e5 2. Nf3 Nc6 3. c3 Nf6 4. d4 exd4 5. e5 Ng8 6. cxd4 d6 7. Bb5 Bd7 8. O-O
Nxe5 9. Nxe5 Bxb5 10. Qb3 dxe5 11. Qxb5+ c6 12. Qxb7 exd4 13. Qxc6+ Qd7 14.
Qxa8+ 1-0

[Event "SVK-chT2A 1920"]
[Site "Slovakia"]
[Date "2019.12.14"]
[Round "5.2"]
[White "Nestorenko, Dmitry"]
[Black "Fabry, Robert"]
[Result "1-0"]
[WhiteElo "2173"]
[BlackElo "2080"]
[PlyCount "73"]
[EventDate "2019.10.26"]
[EventType "team-tourn"]
[EventRounds "11"]
[EventCountry "SVK"]
[SourceTitle "OM OTB B 201907"]
[Source "Opening Master"]
[SourceDate "2019.07.06"]
[SourceVersion "2"]
[SourceVersionDate "2019.07.06"]
[SourceQuality "1"]
[WhiteTeam "Bratislava Slovan V"]
[BlackTeam "Bratislava Slovan IV"]
[WhiteTeamCountry "SVK"]
[BlackTeamCountry "SVK"]

1. e4 e5 2. Nf3 Nc6 3. c3 Nf6 4. d4 exd4 5. e5 Nd5 6. cxd4 Bb4+ 7. Nbd2 d6 8.
Bb5 O-O 9. O-O Nde7 10. h3 dxe5 11. dxe5 Nd4 12. Nxd4 Qxd4 13. Nf3 Qxd1 14.
Rxd1 h6 15. Be3 Nf5 16. Bd2 Bxd2 17. Rxd2 Be6 18. Bd7 Rad8 19. Rad1 g5 20. Bxe6
Rxd2 21. Bxf7+ Kxf7 22. Rxd2 Ke6 23. g3 Ne7 24. Kg2 Nc6 25. Nd4+ Nxd4 26. Rxd4
h5 27. f4 gxf4 28. gxf4 Rg8+ 29. Kf2 h4 30. Rd1 Rg3 31. Rg1 Rxh3 32. Rg6+ Kf5
33. Rf6+ Ke4 34. e6 Rh2+ 35. Kg1 Re2 36. f5 h3 37. e7 1-0